00437nam a2200145Ia 4500008004100000020001800041041000800059082001800067100002400085245007500109250000600184260005300190300001100243650003700254210716s2008 xx 000 0 und d a9788120334731 aeng a658.3008 CHRR aChristensen, Ralph. aRoadmap to strategic HR: turning a great idea into a business reality. a1 aNew DelhibPrentice Hall of India PVt Ltd.c2008 axv,270 aHuman Resource Management(658.3)